000 00543nam a22001817a 4500
003 UA-OsUOA
001 17077
007 ta
008 20040209b un ||||| |||| 00| 0 ukr d
100 _aЯщук В.
942 _cSA
040 _aUA-OsUOA
_cUA-OsUOA
_dUA-OsUOA
245 _aНа перехресті шляхів: [До 440-річчя Радивилова. З історії]
300 _aС.2, 3
955 _a0
773 0 _w0
_tПрапор перемоги
_dРадивилів
_d2004
_g№6/20 січ./
650 7 _aІсторія
_2UDC
999 _c303245
_d303245